| 000 | 00539nam a2200097Ia 4500 | ||
|---|---|---|---|
| 008 | 170517s9999 xx 000 0 und d | ||
| 245 | 4 | _aThe Truth About Vitamins | |
| 300 | _aVitamins without doubt are vital to our health. And it remains possible that high dose vitamin supplements will one day be proven to protect against illnesses like heart disease and cancer. But so far, definitive evidence for these claims remains largely elusive. And... | ||
| 650 | _xTechnology. | ||
| 856 | _uhttp://topdocumentaryfilms.com/the-truth-about-vitamins/ | ||
| 999 |
_c335124 _d335124 |
||